000 00588nam a22001937a 4500
003 OSt
005 20180116183028.0
008 151216b xxu||||| |||| 00| 0 eng d
020 _a.02-548-96-1
024 _2.02-548-96-1
040 _cLahore LUMS
082 _a174.4 LUM 1996
100 _aKhan B A, Aijazuddin M
245 _aPACKAGES LIMITED: TERM FINANCE CERTIFICATES
_cKhan B A, Aijazuddin M
260 _aLahore LUMS
_b Lahore University of Management Sciences
_c1996
300 _a17 p.
_bPapers
440 _aPACKAGES LIMITED: TERM FINANCE CERTIFICATES
942 _2ddc
_cCS
999 _c350886
_d350886